Music Quiz

Random Music or Kpop Quiz

Name the female kpop group members Quiz Stats

Quiz not verified by Sporcle

Challenge
Share
Tweet
Embed
Score 0/261 Timer 20:00
0 Plays Today
Group Idol % Correct
2ne1Bom
98.7%
SnsdTaeyeon
98.7%
Miss AMin
98.7%
2ne1Cl
98.3%
SnsdSunny
98%
SnsdTiffany
97.3%
2ne1Dara
96.3%
SnsdYuri
96%
4MinuteHyuna
95.6%
Nine MusesHyuna
95.6%
F(x)Krystal
95.3%
F(x)Amber
95.3%
Red VelvetYeri
95.3%
EXIDLe
94.9%
SnsdYoona
94.6%
2ne1Minzy
94.3%
SnsdHyoyeon
94.3%
F(x)Luna
94.3%
F(x)Victoria
94.3%
SnsdSooyoung
93.6%
SnsdSeohyun
93.3%
AOAMina
92.3%
SistarBora
92.3%
TwiceMina
92.3%
AOAJimin
91.9%
Red VelvetJoy
91.9%
15&Jimin
91.9%
EXIDHani
91.6%
Red VelvetIrene
91.2%
Miss ASuzy
90.9%
2EYESDasom
90.2%
Red VelvetWendy
90.2%
SistarDasom
90.2%
SistarHyorin
89.2%
Girls DayHyeri
88.6%
AOAChoa
88.2%
Crayon PopChoa
88.2%
A PinkBomi
87.9%
EXIDSolji
87.2%
After SchoolNana
86.9%
Miss AJia
86.9%
Miss AFei
86.9%
A PinkEunji
86.5%
G.IEunji
86.5%
Red VelvetSeulgi
86.2%
4MinuteGayoon
85.9%
TwiceMomo
85.9%
Girls DayMinah
85.5%
SistarSoyu
85.2%
4MinuteJiyoon
84.5%
4MinuteJihyun
84.2%
4MinuteSohyun
84.2%
After SchoolLizzy
84.2%
GfriendYerin
83.5%
A PinkChorong
83.5%
15&Yerin
83.5%
AOASeolhyun
83.2%
Brown Eyed GirlsGain
83.2%
EXIDJunghwa
82.2%
Girls DayYura
81.8%
TwiceTzuyu
81.8%
AOAYuna
81.5%
The ArkYuna
81.5%
A PinkNaeun
81.1%
APRILNaeun
81.1%
Solo ArtistLee Hyori
81.1%
2EYESHyerin
80.5%
EXIDHyerin
80.5%
A PinkNamjoo
79.5%
MAMAMOOSolar
77.8%
TwiceJihyo
77.4%
TwiceSana
77.1%
After SchoolUee
76.8%
Girls DaySojin
76.8%
Nine MusesSojin
76.8%
GfriendYuju
76.4%
MAMAMOOHwasa
76.4%
GfriendSinb
76.1%
After SchoolRaina
76.1%
TwiceNayeon
76.1%
AOAChanmi
75.8%
GfriendUmji
75.1%
MAMAMOOMoonbyul
75.1%
A PinkHayoung
73.1%
PlaybackHayoung
73.1%
Wonder GirlsHyelim
72.4%
T-araQri
72.1%
Group Idol % Correct
TwiceDahyun
71.4%
Solo ArtistAilee
71.4%
SpicaBoa
70.7%
Solo ArtistIU
70.7%
Solo ArtistBoA
70.7%
GfriendSowon
70.4%
MAMAMOOWheein
70.4%
GfriendEunha
70%
G.IAI
69%
T-araJiyeon
68.7%
AOAHyejeong
67.3%
T-araBoram
67%
Brown Eyed GirlsNarsha
66%
Brown Eyed GirlsJea
65.7%
TwiceChaeyoung
64.6%
Wonder GirlsYubin
64.6%
Hello VenusLime
64%
LovelyzJin
64%
LovelyzJisoo
63.3%
TahitiJisoo
63.3%
LovelyzBaby Soul
62%
After SchoolKaeun
61.6%
Wonder GirlsSunmi
61.3%
Brown Eyed GirlsMiryo
60.9%
After SchoolE-Young
60.6%
T-araHyomin
60.6%
CLCYeeun
59.9%
Ladies CodeAshley
59.9%
LovelyzKei
59.9%
SecretHana
59.9%
Wonder GirlsYeeun
59.9%
Hello VenusAlice
59.6%
T-araEunjung
57.9%
TwiceJungyeon
57.6%
CLCSorn
56.9%
FiestarYezi
56.6%
AOAYoukyung
55.9%
Crayon PopWay
55.2%
LABOUMSoyeon
55.2%
T-araSoyeon
55.2%
Crayon PopEllin
54.2%
Hello VenusNara
54.2%
Nine MusesKyungri
52.9%
SecretJieun
52.2%
Dal*ShabetSerri
50.8%
SecretHyosung
50.5%
LovelyzJiae
48.8%
Wa$$upJiae
48.8%
SecretSunhwa
48.5%
RainbowJaekyung
48.1%
FiestarCao lu
48.1%
Ladies CodeZuny
47.8%
Dal*ShabetSubin
46.8%
Nine MusesHyemi
46.8%
FiestarHyemi
46.8%
Nine MusesMinha
46.5%
FiestarJei
46.5%
RainbowWoori
46.1%
LovelyzYein
45.5%
CLCSeunghee
45.1%
OH MY GIRLYooa
45.1%
OH MY GIRLSeunghee
45.1%
Crayon PopSoyul
44.8%
Ladies CodeSojung
44.1%
Solo ArtistLee Hi
43.8%
BESTieUji
42.1%
BESTieHyeyeon
41.1%
LovelyzMijoo
40.7%
RainbowJisook
40.7%
Dal*ShabetAhyoung
40.1%
DavichiMinkyung
39.7%
BESTieDahye
39.4%
Dal*ShabetWoohee
39.1%
BESTieHaeryung
37.4%
OH MY GIRLBinnie
37.4%
FiestarLinzy
37%
Hello VenusYooyoung
36.7%
OH MY GIRLJiho
35.7%
OH MY GIRLMimi
35.4%
DavichiHaeri
35%
Nine MusesKeumjo
34.7%
CLCSeungyeon
34%
OH MY GIRLArin
34%
RainbowHyunyoung
34%
LovelyzSujeong
33.7%
Nine MusesSungah
32.7%
Hello VenusYeoreum
32.3%
Group Idol % Correct
TahitiAri
32.3%
CLCElkie
31.6%
Nine MusesEuaerin
31.3%
CLCYujin
31%
Hello VenusSeoyoung
31%
OH MY GIRLJinE
31%
SONAMOOD.ana
31%
The ArkYujin
31%
RainbowSeungah
30.3%
RainbowNoeul
29.6%
SpicaBohyung
29.6%
Solo ArtistGummy
28.3%
SONAMOONewsun
27.9%
OH MY GIRLHyojung
27.6%
SpicaJiwon
27.6%
Crayon PopGeummi
27.3%
CLCEunbin
25.9%
StellarMinhee
25.9%
Solo ArtistG.NA
25.6%
SONAMOOHigh.D
25.3%
RainbowYoonhye
24.2%
SpicaNarae
24.2%
LABOUMZN
23.2%
StellarGayoung
22.9%
APRILJinsol
21.5%
StellarHyoeun
20.2%
Wa$$upNada
19.5%
LABOUMSolbin
18.9%
APRILYena
18.2%
PlaybackYena
18.2%
APRILChaewon
17.8%
StellarJunyool
17.5%
The ArkJane
17.2%
SONAMOOSumin
16.8%
SONAMOONahyun
16.8%
APRILSomin
16.5%
LABOUMYulhee
16.2%
The ArkHalla
16.2%
Wa$$upNari
16.2%
SONAMOOEuijin
15.5%
The ArkMinju
15.2%
LABOUMHaein
14.5%
APRILHyunjoo
14.1%
SONAMOOMinjae
13.8%
TahitiMinjae
13.8%
2EYESDaeun
13.1%
SpicaJuhyun
13.1%
Solo ArtistSon Dambi
12.8%
Solo ArtistLim Kim
12.1%
Solo ArtistJuniel
11.4%
PlaybackWoolim
10.8%
LABOUMYujeong
10.4%
EvoLSay
8.8%
EvoLJucy
8.8%
EvoLHayana
8.8%
Wa$$upDain
8.4%
2EYESHyangsuk
8.1%
TahitiMiso
8.1%
Sunny DaysSoojung
7.7%
Wa$$upSujin
7.1%
TahitiJerry
6.7%
EvoLYull
6.7%
Sunny DaysSoohyun
6.7%
EvoLJ-Da
6.4%
Wa$$upWoojoo
6.1%
Solo ArtistNicole
5.7%
Solo ArtistNS Yoon-G
5.7%
Solo ArtistN.CA
5.7%
Wa$$upJinju
5.4%
Solo ArtistLyn
5.4%
Solo ArtistPark Boram
4.7%
ScarletKimi
4%
ScarletSara
4%
Sunny DaysSeoyeon
4%
Solo ArtistDiA
4%
PlaybackSoyoon
3.7%
ScarletJihye
2.7%
Sunny DaysBichen
2.4%
Sunny DaysSunkyung
2%
Sunny DaysJihee
2%
Solo ArtistLee Michelle
2%
Solo ArtistYoon Mirae
2%
G.IDokyung
1.7%
G.IHeeso
1.7%
G.IJiamin
1.7%
Sunny DaysGyuhee
1.3%
ScarletRabyuel
0.7%

You're not logged in!

Compare scores with friends on all Sporcle quizzes.
Join for Free
OR
Log In

You Might Also Like...

Show Comments

Extras

Created Mar 9, 2016ReportNominate
Tags:Kpop Quiz, female, group, idol

Top Quizzes Today


Score Distribution

Your Account Isn't Verified!

In order to create a playlist on Sporcle, you need to verify the email address you used during registration. Go to your Sporcle Settings to finish the process.

Report this User

Report this user for behavior that violates our Community Guidelines.

Details: